Normal view MARC view

Entry Topical Term

Number of records used in: 1

001 - CONTROL NUMBER

  • control field: 16018

003 - CONTROL NUMBER IDENTIFIER

  • control field: OSt

005 - DATE AND TIME OF LATEST TRANSACTION

  • control field: 20220426094711.0

008 - FIXED-LENGTH DATA ELEMENTS

  • fixed length control field: 220426|| aca||aabn | a|a d

040 ## - CATALOGING SOURCE

  • Original cataloging agency: OSt
  • Transcribing agency: OSt

150 ## - HEADING--TOPICAL TERM

  • Topical term or geographic name entry element: DESIGNING MANAGEMENT SUPPLY

670 ## - SOURCE DATA FOUND

  • Source citation: Work cat.: (OSt): SIMCHI LEVI 16017, DESIGNING AND MANAGING THE SUPPLY CHAIN: CONCEPTS,STRATEGIES AND CASE STUDIES, 2008